000 01004nam a22003017a 4500
001 BR8503039
003 BR-BrBNA
005 20230928092206.0
007 ta
008 230509b bl.||||| |||| 00| 0 por d
040 _aBR-BrBNA
_bpor
_cBiblioteca Nacional de Agricultura
041 _a(Por)
072 _aE50
_b/G514
090 _ E50 BR8503039
100 1 _aBarbosa, I.V.T.
110 1 _aUniversidade Federal da Paraiba, Campina Grande (Brasil). Centro de Humanidades
_910755
245 1 _aMudancas sociais na agricultura e suas implicacoes para o sindicalismo (um estudo das transformacoes em sape)- 1950/1980
260 3 _aCampina Grande, PB (Brasil):
_c1985.
300 _avp.
500 _a(*) Documento disponível no(a) UFPB, Campina Grande, PB (Brazil). Centro de Ciencias e Tecnologia
650 _aSOCIOLOGIA RURAL
650 _aSINDICATO
650 _aDESENVOLVIMENTO SOCIAL
650 _aSAPE
650 _aPARAIBA
909 _a202309
_bLucia
_c55
_dLucia Elande
942 _cBK
999 _c37604
_d37604